| 000 | 00606nam a2200193Ia 4500 | ||
|---|---|---|---|
| 003 | 0 | ||
| 005 | 20231106133230.0 | ||
| 008 | 140724s9999 xx 000 0 und d | ||
| 050 |
_aHQ 784 _b.F122 2011 |
||
| 100 | _aCuenca, Glenn Ian Raphael D. | ||
| 245 |
_aSleep quality and cognitive function of State University students _cCuenca, Glenn Ian Raphael D. |
||
| 260 |
_aLas PiƱas, Philippines : _bSouthville International School and Colleges, _cc2023. |
||
| 300 |
_a228 p. : _c28 cm. |
||
| 500 | _aSleep quality. | ||
| 521 | _aPsychology | ||
| 650 | _aMultimedia | ||
| 942 |
_cTH _2lcc |
||
| 999 |
_c228765 _d228765 |
||